| 000 | 00745nam a2200253Ia 4500 | ||
|---|---|---|---|
| 003 | OSt | ||
| 005 | 20220928130942.0 | ||
| 006 | a|||||r|||| 00| 0 | ||
| 007 | ta | ||
| 008 | 220927b |||||||| |||| 00| 0 eng d | ||
| 024 | _a67118 | ||
| 037 | _cTextual | ||
| 040 |
_aSDCL _cSDCL _beng |
||
| 041 |
_2eng _aeng |
||
| 082 | _aX:551, P4 | ||
| 100 |
_aGregoriou Gren N _9476694 |
||
| 245 | 0 |
_aCommodity trading advisors _b Risk, performance analysis, & selection |
|
| 260 |
_aNew Jersey _bJohan Wiley _c2004 |
||
| 300 |
_axxiii,424p _ccm. |
||
| 650 |
_aCommodity Market _9468839 |
||
| 700 |
_a Karavas Vassilios N _9476695 |
||
| 942 |
_hX:551, P4 _cTEXL _2CC |
||
| 999 |
_c789172 _d789172 |
||